[Event "DEN-ch G7-1"]
[Site "Odense"]
[Date "2011.04.25"]
[Round "7"]
[White "Hansen, Martin Strandby"]
[Black "Haubro, Sigfred"]
[Result "1-0"]
[WhiteElo "2161"]
[BlackElo "2167"]
[PlyCount "81"]
[EventDate "2011.04.19"]
[EventType "swiss"]
[EventRounds "7"]
[EventCountry "DEN"]
[SourceTitle "EXT 2018"]
[Source "ChessBase"]
[SourceDate "2017.10.13"]
[SourceVersion "1"]
[SourceVersionDate "2017.10.13"]
[SourceQuality "1"]

1. d4 f5 2. Nf3 Nf6 3. c4 e6 4. Nc3 Bb4 5. Qc2 0-0 6. Bf4 b6 7. e3 Bb7 8. Bd3 d6 9. 0-0-0 Bxc3 10. Qxc3 Nbd7 11. Rhg1 b5 12. cxb5 Nb6 13. Bg5 a6 14. bxa6 Bxa6 15. Qb3 Qe8 16. Bxa6 Rxa6 17. Bxf6 Rxf6 18. Nd2 Nd5 19. Nc4 Qc6 20. Kb1 Rf8 21. Rc1 Qa8 22. a3 Rb8 23. Qd3 Nf6 24. Ka2 Nd5 25. Kb1 Ra7 26. g4 Rab7 27. gxf5 Rb3 28. Qd2 Nf6 29. Ka2 d5 30. Ne5 Qb7 31. Rc2 Ne4 32. Qc1 exf5 33. Rxg7+ Kxg7 34. Rxc7+ Qxc7 35. Qxc7+ Kh6 36. Nd3 R3b7 37. Qc6+ Kg7 38. b4 Rf7 39. f3 Nf6 40. Nf4 Rd7 41. Nh5+ 1-0

[Event "DEN-ch G7-1"]
[Site "Odense"]
[Date "2011.04.21"]
[Round "3"]
[White "Bruun, Henrik Emil"]
[Black "Hansen, Martin Strandby"]
[Result "0-1"]
[WhiteElo "2067"]
[BlackElo "2161"]
[PlyCount "146"]
[EventDate "2011.04.19"]
[EventType "swiss"]
[EventRounds "7"]
[EventCountry "DEN"]
[SourceTitle "EXT 2018"]
[Source "ChessBase"]
[SourceDate "2017.10.13"]
[SourceVersion "1"]
[SourceVersionDate "2017.10.13"]
[SourceQuality "1"]

1. e4 d6 2. d4 Nf6 3. f3 e5 4. Ne2 Be7 5. Be3 0-0 6. c4 c6 7. Nbc3 Na6 8. Qd2 Bd7 9. g4 Nc7 10. 0-0-0 Be6 11. d5 cxd5 12. cxd5 Bd7 13. Ng3 b5 14. Bd3 a5 15. Kb1 Kh8 16. Rc1 Qb8 17. Nf5 Ng8 18. h4 Rc8 19. Nxe7 Nxe7 20. g5 b4 21. Ne2 Bb5 22. f4 Bxd3+ 23. Qxd3 f6 24. gxf6 gxf6 25. fxe5 fxe5 26. Bg5 Ng8 27. Rhg1 Qb5 28. Qg3 Qd7 29. Rcf1 Rf8 30. Rf3 a4 31. Rgf1 Qg7 32. Qf2 Rxf3 33. Qxf3 a3 34. Ng3 axb2 35. Nf5 Qg6 36. Ne7 Nxe7 37. Bxe7 Nxd5 38. Bf6+ Nxf6 39. Qxf6+ Qxf6 40. Rxf6 Rc8 41. Rxd6 Rc4 42. h5 Rxe4 43. h6 Kg8 44. Rd7 Rh4 45. Rg7+ Kh8 46. Re7 Rxh6 47. Rxe5 Rh4 48. Rg5 Rd4 49. Kxb2 h6 50. Rg3 h5 51. a4 bxa3+ 52. Rxa3 Kg7 53. Kc3 Rd6 54. Ra4 Kg6 55. Rd4 Re6 56. Kd3 Kg5 57. Rd8 h4 58. Rg8+ Kf4 59. Rh8 Kg3 60. Rg8+ Kf2 61. Rf8+ Kg2 62. Rg8+ Kh2 63. Rg4 h3 64. Rg5 Re1 65. Kd2 Rg1 66. Rf5 Ra1 67. Ke2 Kg3 68. Rg5+ Kf4 69. Rg8 h2 70. Rf8+ Ke5 71. Rh8 h1Q 72. Rh2 Qxh2+ 73. Ke3 Ra3# 0-1

[Event "Fyn-ch"]
[Site "Odense"]
[Date "2008.01.31"]
[Round "3"]
[White "Frantsen, Tom"]
[Black "Hansen, Martin Strandby"]
[Result "1-0"]
[WhiteElo "1779"]
[BlackElo "2072"]
[PlyCount "137"]
[EventDate "2008.01.10"]
[EventType "swiss"]
[EventRounds "7"]
[EventCountry "DEN"]
[SourceTitle "EXT 2018"]
[Source "ChessBase"]
[SourceDate "2017.10.13"]
[SourceVersion "1"]
[SourceVersionDate "2017.10.13"]
[SourceQuality "1"]

1. e4 g6 2. d4 Bg7 3. Nc3 d6 4. Be2 Nf6 5. h4 h5 6. Bg5 Nbd7 7. Qd2 a6 8. Nf3 c5 9. 0-0-0 cxd4 10. Nxd4 Qc7 11. f4 b5 12. f5 b4 13. Nd5 Nxd5 14. exd5 Ne5 15. fxg6 fxg6 16. Rhf1 Qa5 17. Kb1 Qxd5 18. Qe3 Be6 19. Nxe6 Qxe6 20. Bf3 Rc8 21. Bd5 Qd7 22. Qe4 e6 23. Bb3 a5 24. Bf6 0-0 25. Bxe5 Rxf1 26. Rxf1 dxe5 27. Qxg6 Re8 28. Bc4 e4 29. Qxe4 Qd4 30. Bxe6+ Kh8 31. Qxd4 Bxd4 32. Bf7 Rf8 33. Rf3 Kg7 34. Bxh5 Bf6 35. a3 bxa3 36. Rxa3 Bxh4 37. Rxa5 Rf1+ 38. Ka2 Rf2 39. Rc5 Rxg2 40. Bf3 Rf2 41. Be4 Kf6 42. Bd3 Ke6 43. b4 Be7 44. Rc4 Bd6 45. Kb3 Kd7 46. Ka4 Rf8 47. Rh4 Rf4 48. Rxf4 Bxf4 49. Ka5 Kc7 50. c4 Bd2 51. c5 Be1 52. Be4 Bd2 53. Ka4 Be1 54. b5 Bf2 55. b6+ Kb8 56. Kb5 Be3 57. Bf5 Bf2 58. c6 Bg3 59. Kc4 Bf4 60. Kd5 Bg3 61. Ke6 Kc8 62. Ke7+ Kb8 63. Kd7 Bf4 64. c7+ Bxc7 65. bxc7+ Ka7 66. c8Q Kb6 67. Bd3 Ka5 68. Qc5+ Ka4 69. Bc2# 1-0